| 000 | 00644nam a2200229 a 4500 | ||
|---|---|---|---|
| 001 | 63847 | ||
| 003 | BD-RjUL | ||
| 005 | 20211209081235.0 | ||
| 008 | 170204s2002 enk 001 0 eng d | ||
| 020 | _a1903350050 | ||
| 035 | _a(BD-RjUL)63977 | ||
| 040 |
_aBDS _beng _cBD-RjUL _dBD-RjUL |
||
| 041 | _aeng | ||
| 082 | 0 |
_a952 _223 _bTUR 2002 |
|
| 245 | 1 | 0 |
_aTurning points in Japanese history / _cedited by Bert Edström. |
| 260 |
_aRichmond : _bJapan Library, _cc2002. |
||
| 300 |
_avii, 251 p. ; _c24 cm. |
||
| 500 | _aInclude index | ||
| 651 | 0 |
_aJapan _xHistory _vCongresses. _9189578 |
|
| 700 | 1 |
_aEdström, Bert. _9189579 |
|
| 942 |
_2ddc _cBK |
||
| 999 |
_c63847 _d63847 |
||